| 000 | 00843nam a2200229Ia 4500 | ||
|---|---|---|---|
| 008 | |||
| 020 | _a0620270616 | ||
| 090 | _aHJ197 | ||
| 090 |
_aMAIN _b(28389) |
||
| 100 | 1 | _aSteele, Jerry. | |
| 245 | 1 | 0 |
_aEffective financial management : _ba guide forthe members of finance and audit sub-committes of the councils of universities and technikons / _cby Jerry Steele. |
| 260 |
_a[South Africa] : _bCentre for Higher Education Transformation, _c2001. |
||
| 300 |
_axii, 56 p. ; _c24 cm. |
||
| 650 | 0 |
_aUniversities and colleges _zSouth Africa _xfinancial Administration. |
|
| 710 | 2 | _aCentre for Higher Education Transformation. | |
| 907 |
_a.b10196924 _b27-03-06 _c27-03-06 |
||
| 003 | |||
| 005 | 20230123134203.0 | ||
| 040 | _cNUST | ||
| 049 | _aMAIN | ||
| 942 |
_cBOOKS _kHJ197 _kMAIN _m(28389) |
||
| 999 |
_c161538 _d161538 |
||